00779nam a2200181Ia 4500008004100000020001500041041001200056082001100068100000900079245005300088260002500141300000800166650000800174942000700182999001500189952019600204952019700400221030s9999 xx 000 0 und d a8120327122 aEnglish a105.23 aNIIT 0aAdvanced Digital Communications Systemscby NIIT bPHIaNew Delhic2009 a563 aECE cBK c8931d8931 pBE 10520g350.00i94l0o105.23 eDurga Books, Amritsarr2024-06-13 00:00:00w2022-10-30yBK003Print4071aMIETLIBbMIETLIBcBL-Academic Block B, FL-1, CUP-74, SH-5, R-5d2010-03-0510HBE pBE 10521g350.00i94l0o105.23 eDurga Books, Amritsarr2024-06-13 00:00:00w2022-10-30yBK003Print4070aMIETLIBbMIETLIBcBL-Academic Block A, FL-1, CUP-121, SH-3, R-3d2010-03-0510HBE